Die Pfefferkörner - 11. Generation - Statistiken

Allgemein
  • Dieses Quiz wurde 69 mal gespielt
  • Das Durchschnittsergebnis liegt bei 4 aus 6
Antwortstatistiken
Bildquiz Antwort % Korrekt
Louise "Lou" Flynt
93%
Philippa "Pippa" Flynt
88%
Tarun Singh
78%
Jonny Grothe
73%
Clarissa "Clari" Grothe
66%
PK 006
32%
Keine übereinstimmenden Quizze gefunden
Verteilung der Resultate
Anzahl Personen mit jedem Resultat
Perzentil nach korrekt beantworteten Fragen
Ihre Resultats-Entwicklung
Sie haben dieses Quiz noch nicht gespielt